| 000 | 00344nam a2200133Ia 4500 | ||
|---|---|---|---|
| 008 | 240624s9999 xx 000 0 und d | ||
| 041 | _aeng | ||
| 082 | _a006.312 SEI | ||
| 100 | _aSEIDMAN CLAUDE | ||
| 245 | _aDATA MINING WITH MICROSOFT SQL SERVER 20 | ||
| 260 |
_c2001 _aNew Delhi _bPrentice-Hall of India |
||
| 300 | _axiv, : 367 | ||
| 365 | _cRS | ||
| 999 |
_c2126 _d2126 |
||